000 00672nam a22002177a 4500
003 UA-OsUOA
001 75771
007 ta
008 20110531b un ||||| |||| 00| 0 ukr d
100 _aРудницька О.
090 _a82
_bР83
942 _cSA
040 _aUA-OsUOA
_bukr
_cUA-OsUOA
_dUA-OsUOA
245 _aСоцреалістичний канон і новаторський естетичний пошук у романі Юрія Яновського "Вершники"
300 _aС.55-60
955 _a0
041 _aukr
080 _a82
773 0 _w75765
650 7 _a82 Література. Літературознавство
_2UDC
999 _c362068
_d362068